Quizzes
Events
Quiz Creation
Community
Videos
Private Events
Remove Ads
Sign In
Join for FREE
Feedback
Dark Mode
Quiz Categories
Sports
Geography
Music
Movies
Television
Just For Fun
Miscellaneous
History
Literature
Language
Science
Gaming
Entertainment
Religion
Holiday
For Kids
Quiz Lab
Recent
Popular Today
Quiz Kudos Today
Editor Picks
Curator Picks
Quizzes by...
Day
Popularity
Type
Ratings
Length
Year
Community
Subscriptions
Recent Discussions
Orange Saloon
Badges
Playlists
Quests
Create
Leaderboards
Showdown
Live 5
Trivia Bingo
Activity
Puzzle Library
Sporcle Events
Private Events
Virtual Trivia
Globe League
Become a Host
Pub Owners
SporcleCon
Opinionation
Our Games
Videos
Blog
Mobile Apps
Partnerships
Remove Ads and Go Orange
Feedback
Music
Pop Music
The Beatles
Song
Album
Lyrics
Bands
Singers
Artist
Clip
Rock
Rap
Classical
Billboard
Country Music
Kpop
Taylor Swift
Music
Pop Music
The Beatles
Song
Album
Lyrics
Bands
Singers
Artist
Clip
Rock
Rap
Classical
Billboard
Country Music
Kpop
Taylor Swift
Random Quiz
Search Sporcle
×
Quiz Lab
Quiz Lab
Music
James Bond
Type in answers that appear in a list
Type in answers that appear in a list
Classic
Best Score? Go Orange.
Blitz: Name a Musical artist that . . . Stats
Can you name a musical artist that fits each hint?
By
rkat57
3m
15 Questions
403 Plays
403 Plays
403 Plays
Comments
Comments
Give Quiz Kudos
Give Quiz Kudos
-
- Ratings
hide this ad
Forced Order
Answers have to be entered in order
Answers have to be entered in order
Replay
Link that replays current quiz
Next Quiz
Link to next quiz in quiz playlist
You Got
0%
They Got
Avg Score
62%
Avg Friend Score
Upgrade to see
Score Distribution
Jump to the score distribution portion of the page
Score
0/15
Timer
03:00
0
Plays Today
Hint
Artist
% Correct
Name a band that is considered to be one of Metal's 'Big 4'
Metallica
82.1%
Name a musical artist that had a 40 million + selling album (Worldwide)
Fleetwood Mac
80.9%
Name a singer that won American Idol
Kelly Clarkson
79.2%
Name a band that featured Eric Clapton as a member
Cream
76.9%
Name a singer or group who had a Top 10 US Billboard Chart hit with a James Bond theme song
Duran Duran
76.2%
Name a band that played at Woodstock
Incredible String Band
74.4%
Name a member of The Eagles
Joe Walsh
65%
Name a member of the rap group N.W.A.
Ice Cube
59.6%
Hint
Artist
% Correct
Name a musical artist who knocked the Beatles from Number 1 on the Billboard Top 100 Singles Chart (not counting The Beatles)
The Beach Boys
58.8%
Name a Canadian band/
artist who is enshrined in the Rock and Roll Hall of Fame
Neil Young
57.8%
Name a band the won a Grammy Award for Best Rock Performance by a Duo or Group with Vocal (1980-
2011)
The Eagles
56.1%
Name a musician who was part of the so called 'Million Dollar Quartet' at Sun Records
Elvis Presley
46.4%
Name a band/
singer featured in the lyrics to Bowling for Soup's1985
Bruce Springsteen
42.9%
Name a singer featured on the song That's What Friends Are For
Dionne Warwick
42.7%
Name a band that a member of the supergroup Crosby, Stills and Nash had previously recorded an album with
Buffalo Springfield
39%
Quiz Playlist
Details
Report
Send in Message
Add To Playlist
Classic:
Type in answers that appear in a list
Forced Order:
Answers have to be entered in order
Last Updated: Feb 16, 2017
Quiz Scoreboard
CHALLENGE
Sign Up to Join the Scoreboard
Show All
Scores
Hide
Comments
May contain spoilers
Recently Published
An Introduction to Baseball
by treessimontrees
Sports
5m
Movies - When Are They Set?
by FPL_Elf
Movies
5m
Popular People in 1961
by mucciniale
History
6m
More to Explore
Quiz From the Vault
Featured Blog Post
Where Did the Easter Bunny Come From?
hide this ad
You Might Also Like...
Tags
James Bond Quiz
Rock Quiz
The Beatles Quiz
1970s
1980s
1990s
Grammy
Grammy Winners
Heavy Metal
Hit Singles
Musician
Rock and Roll Hall of Fame
Today's Top Quizzes in Music
Browse Music
hide this ad
Today's Top Quizzes in James Bond
Browse James Bond
Top Contributed Quizzes in Music
1
Taylor Swift All Songs (2024)
2
Guess the Artist- 70s Songs
3
KPOP LOGIC QUIZ
4
One Thing in Common: Music
5
2010s Album by Cover III
6
Guess the Taylor Swift song (Mystery Song)
7
Taylor Swift Logic Puzzle
8
2010s Album by Cover IV
9
2010s Album by Cover V
10
Kpop Logic Quiz
Explore More
Trending Topics
Anime
NBA
Crossword
Kpop
Disney
Marvel
Harry Potter
Country
Song
Pokémon
Puzzle
NFL
WWE
The Office
Soccer
hide this ad
More By:
rkat57
Quiz
Plays
Rating
Category
Featured
Created
Figure Out the Lyrics: Classic Rock Edition
515
3.43
Music
Jan 12, 2014
Sondheim, Schwartz or Lloyd Webber
432
2.00
Music
Jan 6, 2014
Fleetwood Mac Albums
430
4.00
Music
Jan 11, 2014
Blitz: Name a Musical artist that . . .
403
3.13
Music
Jan 11, 2014
Rock Hall Bands by Non Hall of Fame Members
364
5.00
Music
Feb 16, 2014
Go to Creator's Profile
Score Distribution
Quiz Creator Spotlight
rkat57
Follow
Send a Message
Quizzes Created
-
Created Quiz Play Count
-
More By This Creator
Popular Quizzes Today
1
Find the Countries of Europe - No Outlines Minefield
2
Find the US States - No Outlines Minefield
3
The Countries of the World
4
Popular People in 1961
5
US States
6
Find the US States
7
1-10 Letter E Words III
8
Risky Map Clicking: Biggest States A-Z
More Music Quizzes
Songs on Let It Be
Published
Trending Quizzes
Risky Map Clicking: Least Populous States A-Z
1-10 Letter F Words
1-10 Letter G Words
Not Quite an Element Typing Challenge
One Thing in Common: United Kingdom
Recently Updated
Leaping Animals
pecheneg
Reality TV Shows (A-Z)
bhenderson79
Rickey Henderson's Hall of Fame Teammates
pecheneg
Champions League XIs: Arsenal
pecheneg
Quick Pick: Celebrities in WWE's Hall of Fame
aduchscher
A-Z Keypad Blitz II
pecheneg
Multiple Oscar Actors
pecheneg
Mystery Phrase Blitz: Oscar 'Best Actors'
pecheneg
F. Scott Fitzgerald Novels
LTH
Pick 3 Villains
ddd62291
Trending Topics
Harry Potter
Kpop
Anime
Disney
Crossword
NBA
Marvel
Song
NFL
Soccer
WWE
Puzzle
The Office
Pokémon
Country
Your Account Isn't Verified!
In order to create a playlist on Sporcle, you need to verify the email address you used during registration. Go to your
Sporcle Settings
to finish the process.
Report this User
Report this user for behavior that violates our
Community Guidelines
.
Details:
Send Report
Go to the Sporcle.com Mobile Site →
Comments